Building Pressure (Record no. 109828)
[ view plain ]
| 000 -LEADER | |
|---|---|
| fixed length control field | 01079cad a22002175a 4500 |
| 001 - CONTROL NUMBER | |
| control field | E147985 |
| 008 - FIXED-LENGTH DATA ELEMENTS--GENERAL INFORMATION | |
| fixed length control field | 090710s2009 xxk f 000 0 eng d |
| 035 ## - SYSTEM CONTROL NUMBER | |
| System control number | (Sirsi) u147985 |
| 041 0# - LANGUAGE CODE | |
| Language code of text/sound track or separate title | eng |
| 050 04 - LIBRARY OF CONGRESS CALL NUMBER | |
| Classification number | 306.1 $2 18 |
| 110 2# - MAIN ENTRY--CORPORATE NAME | |
| Corporate name or jurisdiction name as entry element | Shelter |
| 9 (RLIN) | 2788 |
| 245 00 - TITLE STATEMENT | |
| Title | Building Pressure |
| Remainder of title | access to housing in Scotland in 2009 |
| Medium | [electronic resource] |
| 260 ## - PUBLICATION, DISTRIBUTION, ETC. | |
| Place of publication, distribution, etc. | [S.l.] |
| Name of publisher, distributor, etc. | Shelter |
| Date of publication, distribution, etc. | 2009 |
| 520 ## - SUMMARY, ETC. | |
| Summary, etc. | Argues that the sale of social housing under right to buy legislation, as well as a failure to build more, has meant that there are now fewer social homes to rent in Scotland than at any time since 1959. Makes recommendations as to how the balance can be redressed, including safeguarding investment in social housing. |
| 521 ## - TARGET AUDIENCE NOTE | |
| Target audience note | Introductory |
| 590 ## - LOCAL NOTE (RLIN) | |
| Local note | KA |
| 651 #4 - SUBJECT ADDED ENTRY--GEOGRAPHIC NAME | |
| Geographic name | Scotland |
| Chronological subdivision | 1999- |
| 690 ## - LOCAL SUBJECT ADDED ENTRY--TOPICAL TERM (OCLC, RLIN) | |
| Topical term or geographic name as entry element | PROPERTY-RESIDENTIAL PROPERTY-DOMESTIC RESIDENTIAL PROPERTY-HOUSING |
| 856 40 - ELECTRONIC LOCATION AND ACCESS | |
| Uniform Resource Identifier | <a href="https://scotland.shelter.org.uk/professional_resources/policy_library/policy_library_folder/building_pressure">https://scotland.shelter.org.uk/professional_resources/policy_library/policy_library_folder/building_pressure</a> |
| Public note | View the report free of charge at scotland.shelter.org.uk... |
| 942 ## - ADDED ENTRY ELEMENTS (KOHA) | |
| Suppress in OPAC | 0 |
| Withdrawn status | Lost status | Source of classification or shelving scheme | Damaged status | Not for loan | Home library | Current library | Shelving location | Date acquired | Total Checkouts | Full call number | Barcode | Date last seen | Copy number | Price effective from | Koha item type |
|---|---|---|---|---|---|---|---|---|---|---|---|---|---|---|---|
| Dewey Decimal Classification | Virtual | Virtual | Online | 10/07/2009 | ONLINE PUBLICATION | 147985-2001 | 06/08/2019 | 1 | 06/08/2019 | Book |